Top 100 UK Baby Girls' Names in 2025 - Statistics

General Stats
  • This quiz has been taken 375 times
  • The average score is 47 of 100
Answer Stats
Hint Answer % Correct
2 Olivia
93%
87 Anna
85%
41 Charlotte
85%
42 Emily
85%
54 Emma
85%
3 Lily
81%
1 Amelia
80%
49 Sophie
80%
14 Ella
79%
34 Sofia
79%
11 Sophia
79%
13 Isabella
77%
10 Mia
77%
15 Grace
75%
76 Sarah
75%
9 Ava
74%
81 Ellie
74%
48 Hannah
74%
36 Zoe
73%
33 Rosie
70%
31 Chloe
69%
73 Alice
68%
12 Isla
67%
30 Millie
67%
4 Ivy
66%
94 Bella
65%
25 Daisy
65%
23 Evelyn
65%
8 Poppy
63%
27 Ruby
63%
93 Zahra
62%
35 Zara
62%
7 Freya
61%
6 Elsie
60%
45 Evie
60%
79 Abigail
59%
51 Isabelle
58%
39 Florence
57%
17 Maya
57%
43 Violet
56%
24 Willow
56%
60 Maria
55%
32 Phoebe
55%
66 Clara
53%
20 Luna
52%
82 Nora
52%
21 Aria
51%
62 Gracie
50%
16 Harper
49%
99 Olive
49%
74 Erin
48%
52 Jasmine
48%
56 Ada
45%
28 Layla
45%
19 Sienna
45%
97 Imogen
44%
58 Maisie
44%
47 Matilda
44%
100 Penelope
44%
83 Scarlett
44%
46 Mila
41%
69 Emilia
39%
70 Esme
39%
96 Hazel
38%
29 Lottie
38%
67 Delilah
37%
63 Lara
36%
37 Aurora
34%
44 Bonnie
34%
91 Orla
33%
78 Thea
33%
40 Arabella
31%
53 Mabel
31%
68 Eden
30%
89 Eloise
30%
38 Fatima
29%
64 Nova
29%
55 Hallie
26%
86 Margot
26%
26 Maeve
25%
18 Ayla
23%
5 Eliana
22%
75 Robyn
22%
84 Aisha
21%
59 Elodie
20%
65 Gianna
20%
22 Maryam
18%
77 Talia
15%
57 Amara
13%
88 Ariella
13%
71 Myla
13%
61 Nur
13%
72 Raya
10%
50 Anaya
9%
85 Hana
7%
98 Bean
6%
95 Bump
4%
80 Dua
4%
90 Nana
4%
92 Princess
4%
No matching quizzes found
Score Distribution
Percent of People with Each Score
Percentile by Number Answered
Your Score History
You have not taken this quiz